| 000 | 01105nam a2200229Ia 4500 | ||
|---|---|---|---|
| 001 | L440-25372 | ||
| 003 | IT-CnALBA | ||
| 008 | 170116s9999||||xx |||||||||||||| ||und|| | ||
| 040 |
_aIT-CnALBA _cIT-CnALBA |
||
| 041 | _aITALIANO | ||
| 100 | _aGIACOMINI VALERIO | ||
| 245 | 0 | _aNUOVISSIMA GRAMMATICA FRANCESE. | |
| 250 | _a1a ed. | ||
| 260 |
_aS.C. _bS.e. _cn.d. |
||
| 300 | _a438 p. | ||
| 500 | _aMUTILO DI FRONTESPIZIO. ELEMENTI DI FONOLOGIA. REGOLE DI MORFOLOGIA. SINTASSI FRANCESE. LE DIECI VIRTÙ FASCISTE. PENSIERI MUSSOLINIANI DA TRADURRE IN FRANCESE. CELEBRAZIONE DEL PANE: 14/15 APRILE 1928/VI: POESIA: AMATE IL PANE... DI MUSSOLINI. | ||
| 501 | _aSocietà San Paolo EM - Piazza San Paolo, 14 - 12051 ALBA (CN) (non commercial uses only) ® Copyright 2017 | ||
| 520 | _aMUTILO DI FRONTESPIZIO. ELEMENTI DI FONOLOGIA. REGOLE DI MORFOLOGIA. SINTASSI FRANCESE. LE DIECI VIRTÙ FASCISTE. PENSIERI MUSSOLINIANI DA TRADURRE IN FRANCESE. CELEBRAZIONE DEL PANE: 14/15 APRILE 1928/VI: POESIA: AMATE IL PANE... DI MUSSOLINI. | ||
| 650 | _aLINGUE ROMANZE | ||
| 942 | _cBK | ||
| 957 | _71 | ||
| 999 |
_a30149 _bNO _g Copie: 1 _c284475 _d284475 |
||